[Event "Euro Online U2300 Day 1"]
[Site "chess.com INT"]
[Date "2020.05.25"]
[Round "5"]
[White "Gombocz, Ferenc Jr."]
[Black "Shapkin, Anatoliy"]
[Result "0-1"]
[WhiteTitle "FM"]
[WhiteElo "2209"]
[BlackElo "2283"]
[WhiteFideId "775029"]
[BlackFideId "34108332"]
[EventDate "2020.05.25"]

1. c4 c5 2. g3 Nc6 3. Bg2 g6 4. Nc3 Bg7 5. a3 Nf6 6. Rb1 a5 7. Nf3 O-O 8. O-O d5
9. cxd5 Nxd5 10. e4 Nc7 11. d3 Ne6 12. Nd5 Ned4 13. Nxd4 Nxd4 14. b4 cxb4 15.
axb4 a4 16. Ba3 Nb5 17. Bb2 e6 18. Ne3 Nc3 19. Bxc3 Bxc3 20. Nc2 Bg7 21. d4 b5
22. e5 Rb8 23. f4 Qb6 24. Qd3 Rd8 25. Rfd1 Bb7 26. Bxb7 Rxb7 27. Qe3 Rbd7 28.
Rbc1 Bf8 29. Kg2 Rc7 30. h4 Rdc8 31. Ne1 Bxb4 32. Nf3 Bf8 33. Rxc7 Rxc7 34. g4
b4 35. f5 b3 36. h5 b2 37. Qd3 exf5 38. gxf5 Rc1 39. fxg6 b1=Q 40. gxf7+ Kh8 41.
Qxb1 Qxb1 42. Rxc1 Qxc1 43. e6 a3 44. d5 a2 45. d6 Bxd6 46. Ne5 Qg5+ 47. Kf3
Qxe5 0-1

[Event "Euro Online U2300 Day 1"]
[Site "chess.com INT"]
[Date "2020.05.25"]
[Round "5"]
[White "Papp, Petra"]
[Black "Nalbant, Tuna Onat"]
[Result "0-1"]
[WhiteTitle "WGM"]
[BlackTitle "IM"]
[WhiteElo "2338"]
[BlackElo "2372"]
[WhiteFideId "739049"]
[BlackFideId "6372821"]
[EventDate "2020.05.25"]

1. e4 c6 2. d4 d5 3. Nd2 g6 4. c3 Bg7 5. Ngf3 Nh6 6. Bd3 f6 7. Nf1 O-O 8. Ng3
Nf7 9. h4 Bg4 10. h5 gxh5 11. Nxh5 e5 12. Qc2 f5 13. Nxg7 Kxg7 14. Nxe5 Nxe5 15.
dxe5 fxe4 16. Qd2 Qe7 17. Qh6+ Kg8 18. Bg5 Qf7 19. Bf6 exd3 20. Qg5+ Qg6 21.
Qxg6+ hxg6 22. Rh8+ Kf7 23. Rh7+ Ke6 24. Re7+ Kf5 25. f3 Bxf3 26. gxf3 Na6 27.
Kd2 Rae8 28. Rxb7 Nc5 29. Rxa7 Rxf6 30. exf6 Re2+ 31. Kd1 Kxf6 32. b4 Ne6 33. b5
Nf4 34. Ra3 Ng2 35. Kc1 Rc2+ 36. Kb1 Ne1 37. Ra4 c5 38. Rf4+ Ke5 39. Rf7 Ke6 40.
Rf8 Ke7 41. Ra8 d2 42. Ra7+ Kf6 43. Ra6+ Kg5 44. f4+ Kxf4 45. Ra4+ c4 46. Rxc4+
dxc4 47. a4 d1=Q# 0-1

[Event "Euro Online U2300 Day 1"]
[Site "chess.com INT"]
[Date "2020.05.25"]
[Round "5"]
[White "Dmitrenko, Viktor"]
[Black "Mekhane, Adam"]
[Result "1-0"]
[WhiteTitle "IM"]
[WhiteElo "2456"]
[BlackElo "2013"]
[WhiteFideId "14110270"]
[BlackFideId "36050601"]
[EventDate "2020.05.25"]

1. d4 Nf6 2. c4 g6 3. Nc3 Bg7 4. e4 d6 5. f3 O-O 6. Be3 a6 7. Qd2 Nbd7 8. Nh3 b5
9. cxb5 axb5 10. Bxb5 Ba6 11. Bxa6 Rxa6 12. O-O c6 13. Nf2 e5 14. dxe5 Nxe5 15.
b3 d5 16. Rfd1 Qa8 17. Bd4 Ned7 18. exd5 cxd5 19. a4 Rb8 20. Nb5 Rc6 21. Rac1
Rbc8 22. Nd3 Rxc1 23. Rxc1 Rxc1+ 24. Qxc1 Ne8 25. Qc3 Bxd4+ 26. Qxd4 Nef6 27. g4
h6 28. Kg2 Qa5 29. Nc3 Qa8 30. b4 Kg7 31. b5 Nb6 32. Qxb6 Qe8 33. Qd4 g5 34. Qe5
Qf8 35. Nxd5 Qa3 36. Qxf6+ Kf8 37. Qh8# 1-0

[Event "Euro Online U2300 Day 1"]
[Site "chess.com INT"]
[Date "2020.05.25"]
[Round "5"]
[White "Baghirov, Javanshir"]
[Black "Cech, Dominik"]
[Result "0-1"]
[WhiteElo "1969"]
[BlackElo "2137"]
[WhiteFideId "13404318"]
[BlackFideId "14908212"]
[EventDate "2020.05.25"]

1. e4 e5 2. Nf3 Nc6 3. d4 exd4 4. Bc4 Nf6 5. e5 d5 6. Bb5 Ne4 7. Nxd4 Bd7 8.
Bxc6 bxc6 9. O-O Bc5 10. Be3 Bb6 11. f3 Ng5 12. c3 O-O 13. Nd2 c5 14. Nc2 Bb5
15. Re1 d4 16. cxd4 cxd4 17. Bf2 Ne6 18. Ne4 Qd5 19. Nb4 Qxe5 20. Nd3 Bxd3 21.
Qxd3 Qf5 22. a4 a5 23. Rac1 Nf4 24. Qd2 Rfe8 25. Rc6 Rad8 26. Qc2 d3 27. Qd2
Ne2+ 28. Rxe2 dxe2 29. Qxe2 Bxf2+ 30. Kxf2 Qd7 31. Rc1 Qd4+ 32. Kf1 f5 0-1

[Event "Euro Online U2300 Day 1"]
[Site "chess.com INT"]
[Date "2020.05.25"]
[Round "5"]
[White "Kopylov, Daniel"]
[Black "Fus, Jakub"]
[Result "1-0"]
[BlackTitle "FM"]
[WhiteElo "2348"]
[BlackElo "2370"]
[WhiteFideId "12921971"]
[BlackFideId "1193023"]
[EventDate "2020.05.25"]

1. e4 e5 2. Nf3 Nc6 3. Nc3 Nf6 4. d4 exd4 5. Nxd4 Bb4 6. Nxc6 bxc6 7. Bd3 O-O 8.
O-O Re8 9. Qf3 Bd6 10. Bf4 Bxf4 11. Qxf4 d6 12. Rfe1 Rb8 13. e5 dxe5 14. Rxe5
Rxe5 15. Qxe5 Qd6 16. Re1 Qxe5 17. Rxe5 Rxb2 18. h3 Be6 19. Ra5 Rb7 20. a3 Kf8
21. Ba6 Rb8 22. Be2 Ra8 23. Bf3 Bd5 24. Nxd5 cxd5 25. c4 c6 26. Rc5 Rb8 27. Rxc6
d4 28. Rd6 Rb3 29. Rxd4 Rxa3 30. c5 Ke7 31. c6 Ne8 32. Rd7+ Kf8 33. Bd5 Rd3 34.
Rxf7+ Kg8 35. Rf5+ 1-0

[Event "Euro Online U2300 Day 1"]
[Site "chess.com INT"]
[Date "2020.05.25"]
[Round "5"]
[White "Deuer, Marius"]
[Black "Karacsonyi, Gellert"]
[Result "1/2-1/2"]
[BlackTitle "FM"]
[WhiteElo "2122"]
[BlackElo "2292"]
[WhiteFideId "16236432"]
[BlackFideId "764620"]
[EventDate "2020.05.25"]

1. d4 Nf6 2. c4 e6 3. Nc3 Bb4 4. e3 O-O 5. Ne2 c6 6. a3 Ba5 7. Ng3 d5 8. Be2
Nbd7 9. O-O dxc4 10. Bxc4 b5 11. Be2 Bb7 12. b4 Bc7 13. Bb2 a5 14. Nce4 Bxg3 15.
Nxg3 axb4 16. axb4 Qe7 17. Qb3 Nd5 18. Ba3 Ra4 19. Rfb1 Rfa8 20. e4 Nf4 21. Bd1
R4a6 22. Bb2 Nb6 23. Rxa6 Rxa6 24. Bc1 Ng6 25. e5 Qh4 26. Be3 Nc4 27. Bf3 Ra3
28. Qc2 Nxe3 29. fxe3 Rxe3 30. Rd1 1/2-1/2

[Event "Euro Online U2300 Day 1"]
[Site "chess.com INT"]
[Date "2020.05.25"]
[Round "5"]
[White "Kocheev, Aleksandr"]
[Black "Sirosh, Ilja"]
[Result "1/2-1/2"]
[BlackTitle "IM"]
[WhiteElo "2315"]
[BlackElo "2405"]
[WhiteFideId "13507842"]
[BlackFideId "4500458"]
[EventDate "2020.05.25"]

1. e4 e5 2. Nf3 Nc6 3. d4 exd4 4. Nxd4 Nf6 5. Nxc6 bxc6 6. e5 Qe7 7. Qe2 Nd5 8.
c4 Nb6 9. Nc3 Ba6 10. Qe4 f6 11. exf6 Qxe4+ 12. Nxe4 gxf6 13. b3 O-O-O 14. Ng3
Bb4+ 15. Bd2 Rhe8+ 16. Be2 Bxd2+ 17. Kxd2 d5 18. c5 Bxe2 19. Nxe2 Nd7 20. Rac1
Nf8 21. Nd4 Kd7 22. Rhe1 Ne6 23. Nxe6 Rxe6 24. Rxe6 Kxe6 25. Re1+ Kf7 26. Kd3 a5
27. Re3 a4 28. b4 Rg8 29. g3 Rg4 30. f4 h5 31. Kd4 Rg8 32. b5 Rb8 33. bxc6 Rb2
34. Ra3 Rb4+ 35. Kxd5 h4 36. gxh4 Rxf4 37. h5 Rh4 38. h3 Rxh5+ 39. Kc4 Rh4+ 40.
Kd5 Rh5+ 41. Kc4 Rh4+ 42. Kb5 Ke6 43. Rxa4 Rxh3 44. Rd4 Ra3 45. Rd7 Rxa2 46.
Rxc7 Rb2+ 47. Kc4 Rc2+ 48. Kd4 Rc1 49. Rh7 Rd1+ 50. Kc4 Rc1+ 51. Kb5 Rb1+ 52.
Ka6 Rc1 53. Kb6 Rb1+ 54. Ka7 Rc1 55. Kb6 Rb1+ 56. Kc7 Rc1 57. Kb8 Rxc5 58. c7
Rb5+ 59. Ka7 Rc5 60. Kb7 f5 61. c8=Q+ Rxc8 62. Kxc8 Kd5 63. Kd7 f4 64. Rf7 Ke4
65. Kd6 f3 66. Kc5 Ke3 67. Kc4 f2 68. Kc3 Ke2 69. Re7+ Kd1 70. Rf7 Ke2 71. Re7+
Kd1 72. Ra7 f1=Q 73. Ra1+ Ke2 74. Rxf1 Kxf1 1/2-1/2

[Event "Euro Online U2300 Day 1"]
[Site "chess.com INT"]
[Date "2020.05.25"]
[Round "5"]
[White "Monteverde, Jonathan"]
[Black "Khachatryan, Veronika"]
[Result "0-1"]
[WhiteElo "2105"]
[BlackElo "1869"]
[WhiteFideId "1314580"]
[BlackFideId "13310852"]
[EventDate "2020.05.25"]

1. d4 Nf6 2. c4 g6 3. Nc3 d5 4. Nf3 Bg7 5. cxd5 Nxd5 6. e4 Nxc3 7. bxc3 c5 8.
Rb1 O-O 9. Be2 cxd4 10. cxd4 Qa5+ 11. Bd2 Qxa2 12. O-O Nc6 13. Bg5 h6 14. Be3
Bg4 15. d5 Ne5 16. Re1 Bxf3 17. gxf3 a5 18. Rxb7 a4 19. Rxe7 a3 20. Bd4 Rfe8 21.
Rxe8+ Rxe8 22. f4 Nd7 23. Bxg7 Kxg7 24. Qd4+ Kg8 25. Bb5 Rb8 26. Ra1 Qb2 27. Qd1
Rxb5 28. e5 a2 29. e6 Qxa1 30. Qxa1 Rb1+ 31. Kg2 Rxa1 32. exd7 Rg1+ 33. Kh3 a1=Q
34. d8=Q+ Kg7 35. Qb6 Qf1+ 36. Kh4 g5+ 37. fxg5 hxg5+ 38. Kh5 Qh3# 0-1

[Event "Euro Online U2300 Day 1"]
[Site "chess.com INT"]
[Date "2020.05.25"]
[Round "5"]
[White "Doric, Nenad"]
[Black "Hadzimanolis, Antonios"]
[Result "1-0"]
[WhiteTitle "IM"]
[BlackTitle "FM"]
[WhiteElo "2249"]
[BlackElo "2214"]
[WhiteFideId "14501694"]
[BlackFideId "4202813"]
[EventDate "2020.05.25"]

1. e4 e5 2. Nf3 Nc6 3. Nc3 Nf6 4. Bb5 Bb4 5. O-O O-O 6. d3 Bxc3 7. bxc3 Qe7 8.
Bg5 Nd8 9. d4 d6 10. Re1 Ne6 11. Bc1 a6 12. Bf1 Rd8 13. Rb1 c5 14. d5 Nf8 15. a4
Ng6 16. Nd2 h6 17. Nc4 Qc7 18. a5 Bd7 19. Nb6 Rab8 20. c4 Be8 21. g3 Nh7 22. f4
exf4 23. gxf4 Nf6 24. e5 Nd7 25. Bd3 dxe5 26. Bxg6 exf4 27. Bf5 Nf6 28. Bb2 Rd6
29. Be5 g6 30. Bh3 Bd7 31. Nxd7 Nxd7 32. Bxf4 g5 33. Bg3 Nf6 34. Rb6 Rbd8 35.
Rxd6 Rxd6 36. Qe2 Qd8 37. Bxd6 Qxd6 38. Qe5 Qd8 39. Qe7 Qxa5 40. Rf1 Qc3 41.
Qxf6 1-0

[Event "Euro Online U2300 Day 1"]
[Site "chess.com INT"]
[Date "2020.05.25"]
[Round "5"]
[White "Bykhovsky, Avigdor"]
[Black "Hansch, Stephan"]
[Result "1-0"]
[WhiteTitle "GM"]
[BlackTitle "CM"]
[WhiteElo "2405"]
[BlackElo "2149"]
[WhiteFideId "4101057"]
[BlackFideId "24692514"]
[EventDate "2020.05.25"]

1. d4 d5 2. c4 e6 3. Nf3 Nf6 4. Nc3 Be7 5. Bf4 O-O 6. e3 b6 7. a3 Ba6 8. Nb5
Bxb5 9. cxb5 c5 10. bxc6 Nxc6 11. Ba6 Qd7 12. O-O Bd6 13. Be5 Bxe5 14. dxe5 Ne4
15. Rc1 Ne7 16. Bd3 Nc5 17. Bc2 Qb7 18. Nd4 Nd7 19. f4 Rac8 20. Qh5 g6 21. Qg5
Nc6 22. Nb5 Na5 23. Nd6 Qa6 24. Nxc8 Rxc8 25. Bd3 Qb7 26. Qe7 Nc6 27. Qh4 Nc5
28. Bb5 Ne7 29. Qe1 a6 30. Be2 Nf5 31. Bg4 Ne7 32. Rc3 Rf8 33. Bf3 Qd7 34. Qd2
Rd8 35. Rfc1 h5 36. b4 Na4 37. Rc7 Qe8 38. Bd1 Nf5 39. Bc2 b5 40. Bxf5 gxf5 41.
Qd4 Qf8 42. h3 Qe8 43. Kh2 Qf8 44. Ra7 Ra8 45. Rcc7 Rxa7 46. Qxa7 Qc8 47. Rxc8+ 1-0

[Event "Euro Online U2300 Day 1"]
[Site "chess.com INT"]
[Date "2020.05.25"]
[Round "5"]
[White "Nikac, Predrag"]
[Black "Olsen, Filip Boe"]
[Result "1-0"]
[WhiteTitle "IM"]
[BlackTitle "IM"]
[WhiteElo "2313"]
[BlackElo "2353"]
[WhiteFideId "908975"]
[BlackFideId "1440640"]
[EventDate "2020.05.25"]

1. e4 c6 2. d4 d5 3. e5 Bf5 4. h4 h5 5. c4 e6 6. Ne2 Ne7 7. Nbc3 Nd7 8. Bg5 dxc4
9. Ng3 Qb6 10. Qd2 Bg6 11. Bxc4 Nd5 12. O-O Bb4 13. Bxd5 cxd5 14. f4 f6 15. exf6
gxf6 16. f5 fxg5 17. fxg6 gxh4 18. g7 Rg8 19. Nxh5 O-O-O 20. Rf7 Ne5 21. Rf2 Nc4
22. Qd3 Kb8 23. b3 Nd6 24. Na4 Qb5 25. Qg6 Ne4 26. Rf3 Rde8 27. Nf4 Qd7 28. Nh5
Qb5 29. Raf1 Qe2 30. Nf4 Qd2 31. Nxe6 Ng3 32. Rxg3 hxg3 33. Qxg3+ Ka8 34. Nc7+
Kb8 35. Na6+ 1-0

[Event "Euro Online U2300 Day 1"]
[Site "chess.com INT"]
[Date "2020.05.25"]
[Round "5"]
[White "Sedykh, Mikhail"]
[Black "Kniazev, Alexander V."]
[Result "0-1"]
[BlackTitle "FM"]
[WhiteElo "2119"]
[BlackElo "2236"]
[WhiteFideId "447498"]
[BlackFideId "4144120"]
[EventDate "2020.05.25"]

1. d4 Nf6 2. c4 e6 3. Nf3 b6 4. a3 Ba6 5. e3 d5 6. Nbd2 Bb7 7. cxd5 exd5 8. b4
Bd6 9. Bd3 O-O 10. O-O Nbd7 11. Qc2 Re8 12. Bb2 a6 13. Rac1 Rc8 14. Rfe1 Ne4 15.
Qb1 f5 16. Qa2 Qf6 17. b5 a5 18. a4 Qh6 19. Nf1 g5 20. Bxe4 fxe4 21. N3d2 Qg6
22. Ba3 h5 23. Bxd6 Qxd6 24. f3 Kg7 25. fxe4 dxe4 26. Ng3 Qg6 27. Qc2 h4 28. Ne2
Nf6 29. Nc3 Re7 30. Rf1 Ng4 31. Nd1 Qd6 32. g3 hxg3 33. h3 g2 34. hxg4 Rh8 35.
Rf4 gxf4 36. Nc4 f3 37. Qxg2 fxg2 38. Nxd6 cxd6 39. Kxg2 Rc8 0-1

[Event "Euro Online U2300 Day 1"]
[Site "chess.com INT"]
[Date "2020.05.25"]
[Round "5"]
[White "Maletina, Tatiana"]
[Black "Prydun, Andriy"]
[Result "1-0"]
[WhiteTitle "WIM"]
[BlackTitle "FM"]
[WhiteElo "2270"]
[BlackElo "2254"]
[WhiteFideId "24145084"]
[BlackFideId "14145898"]
[EventDate "2020.05.25"]

1. d4 d5 2. c4 c6 3. Nf3 Nf6 4. Qc2 e6 5. Nbd2 Nbd7 6. g3 Be7 7. Bg2 O-O 8. O-O
b6 9. e4 Bb7 10. e5 Ne8 11. cxd5 cxd5 12. Re1 Rc8 13. Qd1 Qc7 14. Nb1 Qc2 15.
Qxc2 Rxc2 16. Bf1 Rc8 17. Bd2 Nc7 18. Nc3 Nb8 19. Rec1 Nc6 20. h4 f6 21. exf6
Bxf6 22. Be3 Ne8 23. Bh3 Nc7 24. a4 a6 25. Ne2 Rfe8 26. Nf4 h6 27. Rc2 Kf7 28.
Rac1 Na8 29. b4 b5 30. axb5 axb5 31. Rc5 Na7 32. Bg4 g6 33. Nd3 h5 34. Bh3 Nb6
35. Rc7+ Re7 36. Nde5+ Kg7 37. Rxc8 Naxc8 38. Ng5 Nc4 39. Nxe6+ Kg8 40. Nxg6 Re8
41. Nc5 Bc6 42. Be6+ Kh7 43. Nf4 Be7 44. Bxd5 Bxd5 45. Nxd5 Bd8 46. Nd7 Kg6 47.
Ne5+ Nxe5 48. dxe5 Rxe5 49. Nf4+ 1-0

[Event "Euro Online U2300 Day 1"]
[Site "chess.com INT"]
[Date "2020.05.25"]
[Round "5"]
[White "Khachatryan, Samvel S."]
[Black "Gloser, David"]
[Result "0-1"]
[WhiteElo "2179"]
[BlackElo "2228"]
[WhiteFideId "13309048"]
[BlackFideId "381420"]
[EventDate "2020.05.25"]

1. e4 c5 2. Nc3 Nc6 3. Bb5 Nd4 4. Bc4 e6 5. Nf3 Nxf3+ 6. Qxf3 d6 7. O-O Ne7 8.
d3 Nc6 9. Bb5 Bd7 10. Be3 a6 11. Bxc6 Bxc6 12. Rfe1 Be7 13. Qg3 O-O 14. f4 f5
15. Qh3 d5 16. exd5 exd5 17. d4 Bf6 18. dxc5 d4 19. Rad1 Qe7 20. Bf2 Qxc5 21.
Qd3 Rad8 22. Ne2 Qd5 23. Qb3 Qxb3 24. axb3 d3 25. Rxd3 Rxd3 26. cxd3 Rd8 27. d4
Bb5 28. Nc3 Bxd4 29. Bxd4 Rxd4 30. Nxb5 axb5 31. Re8+ Kf7 32. Re5 Rb4 33. Rxf5+
Kg6 34. Rg5+ Kf6 35. Rg3 Rxf4 36. Rc3 Rd4 37. Rf3+ Ke5 38. Re3+ Kd6 39. Kf2 Rd2+
40. Re2 Rxe2+ 41. Kxe2 Kc5 42. Kd3 Kb4 43. Kc2 h5 44. g3 g5 45. Kc1 Kxb3 46. Kb1
Kc4 47. Kc2 b4 48. Kd2 Kb3 49. Kc1 Ka2 50. Kc2 b3+ 51. Kc3 g4 0-1

[Event "Euro Online U2300 Day 1"]
[Site "chess.com INT"]
[Date "2020.05.25"]
[Round "5"]
[White "Thorsteinsson, Thorsteinn"]
[Black "Josse, Mark"]
[Result "0-1"]
[WhiteTitle "FM"]
[BlackTitle "CM"]
[WhiteElo "2271"]
[BlackElo "2235"]
[WhiteFideId "2300281"]
[BlackFideId "414476"]
[EventDate "2020.05.25"]

1. d4 d5 2. c4 e6 3. Nf3 c6 4. Qc2 Bd6 5. g3 f5 6. Bg2 Nf6 7. O-O O-O 8. Bf4 Ne4
9. Nc3 Bxf4 10. gxf4 b6 11. e3 Ba6 12. Ne5 Qe8 13. f3 Nd6 14. b3 Nd7 15. Rf2
dxc4 16. Nxc6 cxb3 17. axb3 Bb7 18. Ne5 a5 19. Bf1 Rc8 20. Qd2 Nf6 21. Be2 Nd5
22. Nxd5 Bxd5 23. b4 a4 24. b5 Nxb5 25. Qb4 Nc3 26. Qxb6 Rb8 27. Qa5 Nxe2+ 28.
Rxe2 Qh5 29. Rf1 Ra8 30. Qd2 a3 31. e4 a2 32. Ra1 Bb3 33. Qd3 Rfb8 34. Nd7 fxe4
35. fxe4 Rb4 36. Nc5 Bc4 37. Qc3 Bxe2 38. Qxb4 Qg4+ 39. Kf2 Qf3+ 40. Kg1 Qe3+
41. Kg2 Bf3+ 42. Kg3 Bxe4+ 43. Kh4 Qxf4+ 44. Kh3 Qf3+ 45. Kh4 h6 0-1

[Event "Euro Online U2300 Day 1"]
[Site "chess.com INT"]
[Date "2020.05.25"]
[Round "5"]
[White "Borkovec, Milan"]
[Black "Hewitt, William"]
[Result "1-0"]
[WhiteElo "2219"]
[BlackElo "1997"]
[WhiteFideId "307610"]
[BlackFideId "1800280"]
[EventDate "2020.05.25"]

1. e4 c6 2. d4 d5 3. Nd2 dxe4 4. Nxe4 Nd7 5. Nf3 Ngf6 6. Bd3 Nxe4 7. Bxe4 Nf6 8.
Bd3 Bg4 9. c3 e6 10. h3 Bh5 11. O-O Qd5 12. Be2 Be7 13. Be3 O-O 14. Ne5 Bxe2 15.
Qxe2 b5 16. f4 a5 17. f5 Rab8 18. a3 c5 19. Rad1 Bd6 20. fxe6 Qxe6 21. Bf4 Nd5
22. Qg4 Nxf4 23. Rxf4 Bxe5 24. Qxe6 Bxd4+ 25. cxd4 fxe6 26. Rxf8+ Kxf8 27. dxc5
b4 28. c6 Rc8 29. axb4 axb4 30. Rc1 Ke7 31. Rc4 Kd6 32. Rxb4 Rxc6 33. Rb7 Rc1+
34. Kh2 Rb1 35. Rxg7 Rxb2 36. Rxh7 Ke5 37. Rf7 Kd6 38. h4 e5 39. h5 Ke6 40. Rf8
Rb7 41. Kh3 e4 42. g4 Rh7 43. Kg3 Ke5 44. Rd8 e3 45. Kf3 Kf6 46. Kxe3 Kg5 47.
Rg8+ Kf6 48. Kf4 Ra7 49. Rg6+ Kf7 50. Kg5 Ra8 51. Rb6 Kg7 52. Rb7+ Kg8 53. h6
Ra5+ 54. Kh4 Ra6 55. g5 Rc6 56. Kh5 Rc5 57. Rb8+ Kf7 58. h7 1-0

[Event "Euro Online U2300 Day 1"]
[Site "chess.com INT"]
[Date "2020.05.25"]
[Round "5"]
[White "Martirosyan, Haik M."]
[Black "Petriashvili, Nikoloz"]
[Result "1-0"]
[WhiteTitle "GM"]
[BlackTitle "IM"]
[WhiteElo "2617"]
[BlackElo "2423"]
[WhiteFideId "13306553"]
[BlackFideId "13611216"]
[EventDate "2020.05.25"]

1. d4 Nf6 2. Nf3 g6 3. Nc3 d5 4. Bf4 Bg7 5. Nb5 Na6 6. e3 O-O 7. Be2 c6 8. Nc3
Bg4 9. h4 Nh5 10. Ne5 Bxe2 11. Qxe2 Nxf4 12. exf4 c5 13. O-O-O cxd4 14. Rxd4 e6
15. h5 Rc8 16. hxg6 hxg6 17. Nxg6 fxg6 18. Qxe6+ Rf7 19. Rxd5 Qe8 20. Qxg6 Rxf4
21. Qh7+ Kf8 22. Rg5 Rf7 23. Kb1 Qd8 24. Ne4 Qd4 25. Rxg7 Qxg7 26. Qh8+ Qg8 27.
Nd6 Rc6 28. Nxf7 Qxh8 29. Nxh8 Kg7 30. f4 Rc8 31. f5 Nc5 32. Ng6 Ne4 33. g4 Rd8
34. a4 Nf2 35. Rg1 Kf6 36. Nf4 Rd4 37. g5+ Kxf5 38. g6 Rd8 39. Nd5 Ke6 40. Nc7+
Kd7 41. Rf1 Rg8 42. Rxf2 Kxc7 43. Rf7+ Kc6 44. g7 a5 45. c4 b6 46. Ka2 Kd6 47.
Kb3 Ke6 48. Rb7 Kf6 49. Rxb6+ Kxg7 50. Ra6 1-0

[Event "Euro Online U2300 Day 1"]
[Site "chess.com INT"]
[Date "2020.05.25"]
[Round "5"]
[White "Grebnev, Aleksey"]
[Black "Haring, Viktor"]
[Result "1-0"]
[BlackTitle "FM"]
[WhiteElo "2223"]
[BlackElo "2298"]
[WhiteFideId "34189030"]
[BlackFideId "14919400"]
[EventDate "2020.05.25"]

1. c4 e5 2. Nc3 Nf6 3. g3 d5 4. cxd5 Nxd5 5. Bg2 Nb6 6. Nf3 Nc6 7. O-O Be7 8.
Rb1 O-O 9. b4 Be6 10. b5 Nd4 11. Nxe5 Bf6 12. f4 Nc4 13. Nxc4 Bxc4 14. d3 Be6
15. e3 Nf5 16. Qc2 Nd4 17. Qf2 Nf5 18. d4 Bc4 19. Rd1 Re8 20. Rb4 Be6 21. e4 Be7
22. Ra4 Nh6 23. h3 f5 24. d5 Bd7 25. e5 a6 26. e6 Bxb5 27. Nxb5 axb5 28. Rxa8
Qxa8 29. Bb2 b4 30. Be5 Qa5 31. Qb2 Bc5+ 32. Kh2 Re7 33. Rc1 b6 34. Rd1 Kf8 35.
Re1 Ng8 36. g4 fxg4 37. hxg4 Qa3 38. Qxa3 bxa3 39. g5 Bd6 40. Bf1 Bxe5 41. Rxe5
Re8 42. Bb5 Rd8 43. Bc4 Ne7 44. f5 b5 45. Bb3 Rd6 46. f6 Ng6 47. e7+ Nxe7 48.
fxe7+ Ke8 49. Bc2 Rd7 50. Bd3 Rxe7 51. Bxb5+ Kd8 52. Rxe7 Kxe7 53. Kg3 Kd6 54.
Bc4 Kc5 55. Bb3 Kd6 56. Kf4 g6 57. Ke4 c6 58. dxc6 Kxc6 59. Bg8 Kd6 60. Bxh7 1-0

[Event "Euro Online U2300 Day 1"]
[Site "chess.com INT"]
[Date "2020.05.25"]
[Round "5"]
[White "Berdnyk, Mariia"]
[Black "Aliakbarov, Anar"]
[Result "1-0"]
[WhiteTitle "FM"]
[BlackTitle "FM"]
[WhiteElo "2324"]
[BlackElo "2219"]
[WhiteFideId "14137054"]
[BlackFideId "13401858"]
[EventDate "2020.05.25"]

1. c4 e6 2. Nf3 d5 3. g3 Nf6 4. Bg2 Be7 5. d4 O-O 6. O-O dxc4 7. Qc2 c6 8. Qxc4
b5 9. Qc2 Bb7 10. Rd1 Nbd7 11. Nc3 Qb6 12. e4 Rfd8 13. e5 Nd5 14. Bg5 Bxg5 15.
Nxg5 Nf8 16. Nge4 Nxc3 17. bxc3 c5 18. Nxc5 Bxg2 19. Kxg2 Rac8 20. Qe4 Ng6 21.
Rac1 Rd5 22. f4 Qc6 23. Qf3 Ne7 24. Ne4 Nf5 25. Kg1 h6 26. g4 Ne7 27. f5 exf5
28. gxf5 f6 29. Kh1 fxe5 30. f6 Ng6 31. Rg1 Qe8 32. Rcf1 Rc7 33. Qh5 Kh7 34. f7
Qc6 35. Rxg6 1-0

[Event "Euro Online U2300 Day 1"]
[Site "chess.com INT"]
[Date "2020.05.25"]
[Round "5"]
[White "Abdrlauf, Elham"]
[Black "Kanyamarala, Tarun"]
[Result "1-0"]
[WhiteTitle "FM"]
[BlackTitle "FM"]
[WhiteElo "2362"]
[BlackElo "2381"]
[WhiteFideId "1533533"]
[BlackFideId "45004714"]
[EventDate "2020.05.25"]

1. e4 c5 2. Nf3 Nc6 3. d4 cxd4 4. Nxd4 Nf6 5. Nc3 e5 6. Ndb5 d6 7. Nd5 Nxd5 8.
exd5 Nb8 9. Qd3 a6 10. Qa3 Be7 11. Bd2 O-O 12. Bb4 axb5 13. Qxa8 Na6 14. Bd2 Qb6
15. Be3 Qa5+ 16. c3 f5 17. Qa7 Bd8 18. a4 f4 19. Bd2 bxa4 20. Bxa6 bxa6 21. c4
Qb6 22. Qxb6 Bxb6 23. Rxa4 e4 24. c5 Bxc5 25. Rxe4 f3 26. Be3 fxg2 27. Rg1 Bf5
28. Rf4 Bxe3 29. fxe3 g6 30. Rxg2 Kh8 31. e4 Re8 32. Re2 Bd7 33. Rf6 Bb5 34. Re3
Rd8 35. Rf7 Kg8 36. Rb7 Rc8 37. Rb6 Rc2 38. Rxd6 Rxh2 39. e5 Kf7 40. Rf6+ Kg7
41. d6 Rxb2 42. Re6 h5 43. d7 Rb1+ 44. Kd2 Ba4 45. Re1 Rb8 46. Rxa6 Bxd7 47. Ra7
Kh6 48. Rxd7 h4 49. e6 g5 50. e7 Re8 51. Rd8 Rxe7 52. Rxe7 g4 53. Rh8+ Kg5 54.
Rg7+ Kf5 1-0

[Event "Euro Online U2300 Day 1"]
[Site "chess.com INT"]
[Date "2020.05.25"]
[Round "5"]
[White "Vesselovsky, Serguei"]
[Black "Druzhinina, Olga"]
[Result "1-0"]
[WhiteTitle "IM"]
[WhiteElo "2317"]
[BlackElo "2245"]
[WhiteFideId "313998"]
[BlackFideId "4141911"]
[EventDate "2020.05.25"]

1. e4 c5 2. g3 Nc6 3. Bg2 g6 4. Nf3 Bg7 5. O-O e6 6. c3 Nge7 7. d4 cxd4 8. cxd4
d5 9. e5 h5 10. Nc3 Nf5 11. Bh3 Nce7 12. Bg5 Qb6 13. Qd2 Bd7 14. Rac1 Rc8 15.
Bxf5 Nxf5 16. Na4 Qb5 17. Nc5 Bc6 18. b4 a5 19. bxa5 Ra8 20. Nb3 O-O 21. h3 Kh7
22. g4 Nh6 23. Qf4 Qd3 24. Bf6 Bxf6 25. exf6 Rh8 26. Rfd1 Qe2 27. Rd2 Qb5 28.
Kg2 hxg4 29. hxg4 Nxg4 30. Rh1+ Kg8 31. Rxh8+ Kxh8 32. Qxg4 Qb4 33. Rd1 Qf8 34.
Rh1+ Kg8 35. Qh4 1-0

[Event "Euro Online U2300 Day 1"]
[Site "chess.com INT"]
[Date "2020.05.25"]
[Round "5"]
[White "Kalinina, Larisa"]
[Black "Belenkaya, Dina"]
[Result "1-0"]
[WhiteTitle "WIM"]
[BlackTitle "WGM"]
[WhiteElo "2131"]
[BlackElo "2297"]
[WhiteFideId "14106361"]
[BlackFideId "24142654"]
[EventDate "2020.05.25"]

1. e4 d5 2. exd5 Qxd5 3. Nc3 Qa5 4. d4 Nf6 5. Nf3 c6 6. Bc4 Bf5 7. O-O e6 8. Re1
Be7 9. Bd2 Qb6 10. Na4 Qc7 11. Nc5 Nbd7 12. Nd3 O-O 13. Bf4 Bd6 14. Bxd6 Qxd6
15. Nde5 b5 16. Bd3 Bxd3 17. Qxd3 Rfd8 18. Qe2 Nb6 19. Rad1 a5 20. Ng5 Ra7 21.
Qf3 Nbd5 22. c3 a4 23. b3 h6 24. Ngxf7 Rxf7 25. Nxf7 Kxf7 26. c4 Nf4 27. h4 h5
28. Re5 Ng6 29. Rxh5 1-0